000 00189nam a2200073Ia 4500
008 170817s9999 xx 000 0 und d
100 _aSHARMA KUSUM
245 0 _aPSYCHO-SOCIAL FACTIORS.L. E. AT SCHOOL
260 _bGYAN PUB.
999 _c37507
_d37507